000 00294nam a22001337a 4500
008 180817b xxu||||| |||| 00| 0 eng d
020 _a0721631681
041 _aeng
080 _23 ed
_a617
100 _a5
101 _akit
245 _avascular surgery
_crutherford.r.b
942 _2udc
_cBK
999 _c47208
_d47208